Responses for Show #2942 - Tuesday, May 20, 1997

1997 College Championship semifinal game 2.

Contestants

[<< previous game]

Lisa Talley, a senior from Loyola University (New Orleans)

Bill McKinley, a sophomore from Wittenberg University

Craig Barker, a freshman from the University of Michigan

[next game >>]

Jeopardy! Round responses

U.S. CITIES
COLLEGE FILMS
1988
FASHION
SCIENTIFIC INSTRUMENTS
"UP" & "DOWN"
    $100 7
Hartford

Lisa
    $100 1
The Nerds

Craig
    $100 17
Mouse

Craig
    $100 3
Sunglasses

Bill
    $100 16
Thermometer

Craig
    $100 24
Stand-up

Craig
    $200 9
Baltimore

Craig
    $200 2
Julia Roberts

Lisa
    $200 18
Yasser Arafat

Bill
    $200 14
Knapsack

Bill
    $200 22
Prism

Lisa
    $200 23
Hanging up

Craig
    $300 10
Switzerland

Craig
    $300 4
Groucho Marx

Craig
    $300 19
Dan Quayle

Craig
    $300 8
Blue

Craig
    $300 28
Beaker

Bill
    $300 25
Seven-Up

Bill
    $400 11
Gettysburg

Lisa
    $400 5
House Party

Craig
    $400 20
B-2 (Stealth Bomber)

Bill
    $400 12
(B: What is San Francisco?)

London

CraigBill
    $400 29
The Crucible

Craig
    $400 26
Because you'll meet them on your way down

Triple Stumper
    $500 13
Euclid

Craig
    $500 6
National Lampoon's Animal House

Bill
    $1,500 21
Manuel Noriega

Bill
    $500 15
Old Navy

Bill
    $500 30
Microscope

Bill
    $500 27
(B: What is a slowdown?)

Downsizing

BillLisa

Scores at the first commercial break (after clue 15):

Craig Bill Lisa
$2,500 $900 $700

Scores at the end of the Jeopardy! Round:

Craig Bill Lisa
$3,700 $3,600 $1,400

Double Jeopardy! Round responses

THE AMERICAN REVOLUTION
FAMOUS PROFESSORS
MOUNTAINS
IN THE DICTIONARY
NOVELS & NOVELISTS
OBSCURE OPERA & BALLET
(Alex: That'll frighten you, I'm sure!)
    $200 5
Benedict Arnold

Bill
    $200 4
Louis Pasteur

Craig
    $200 26
Mount Fujiyama

Craig
    $200 21
Surfing

Craig
    $200 1
Les Miserables

Bill
    $200 2
Salem

Bill
    $400 7
Ethan Allen

Craig
    $400 14
Oxford

Bill
    $400 27
Mount McKinley/Denali

Craig
    $400 22
Compact

Craig
    $400 11
O Pioneers!

Craig
    $400 3
Jack the Ripper

Craig
    $600 8
Bahamas

Bill
    $600 16
B.F. Skinner

Craig
    $600 28
(C: What is Angora?)

Mount Ararat

Craig
    $600 23
Damascus

Craig
    $600 15
D.H. Lawrence

Craig
    $600 6
G.F. Handel

Craig
    $800 12
Molly Pitcher

Craig
    $800 17
Boutros Boutros-Ghali

Bill
    $800 29
Sierra Nevadas

Craig
    $800 24
Sanskrit

Craig
    $1,800 19
(B: Who was Jules Verne?)

Herman Melville

Bill
    $800 9
Gilbert & Sullivan

Lisa
    $1000 13
Baron Von Steuben

Triple Stumper
    $1000 18
(L: Who is La Paglia?)

Camille Paglia

Lisa
Triple Stumper
    $1000 30
(B: What is the Matterhorn?)

Mont Blanc

CraigBill
    $1000 25
Monogram

Lisa
    $1000 20
Edith Wharton

Bill
    $1000 10
Emile Zola

Triple Stumper

Scores at the end of the Double Jeopardy! Round:

Craig Bill Lisa
$11,500 $4,200 $2,200
(lock game)

[wagering suggestions for these scores]

Final Jeopardy! Round responses

THE CIVIL RIGHTS MOVEMENT
LisaWhat is Memphis?
$2,200
BillWhat is Birmingham? Hi, Erica!
$4,200
CraigWhat is Montgemery, AL
$500
Birmingham, Alabama

Final scores:

Craig Bill Lisa
$11,000 $8,400 $0
Finalist 2nd place: $5,000 3rd place: $5,000

Game dynamics:

Coryat scores:

Craig Bill Lisa
$12,100 $5,000 $2,200
30 R,
1 W
(including 1 DD)
17 R
(including 1 DD),
4 W
(including 1 DD)
7 R,
1 W

Combined Coryat: $19,300

[game clues] [game scores] [suggest correction]

Game tape date: 1997-02-26
The J! Archive is created by fans, for fans. Scraping, republication, monetization, and malicious use prohibited; this site may use cookies and collect identifying information. See terms. The Jeopardy! game show and all elements thereof, including but not limited to copyright and trademark thereto, are the property of Jeopardy Productions, Inc. and are protected under law. This website is not affiliated with, sponsored by, or operated by Jeopardy Productions, Inc. Join the discussion at JBoard.tv.